[Event "AUTO-ADV-4894"]
[Site "http://www.queenalice.com/game.php?id=1863392"]
[Date "2025.9.25"]
[Round "1"]
[White "Zeca1955"]
[Black "askasl159"]
[Result "1-0"]
[WhiteElo "1897"]
[BlackElo "1700"]

1. c4 e5 2. e4 f5 3. d3 Nf6 4. Nf3 Nc6 5. exf5 d5 6. b3 d4 7. Bg5 Bb4+ 8. Nbd2
O-O 9. Qe2 Bc3 10. O-O-O Re8 11. Ne4 Bxf5 12. Nxf6+ gxf6 13. Bh4 Qd6 14. Kb1 Qa3
15. Ne1 Nb4 16. f3 Bxd3+ 17. Nxd3 Nxd3 18. Rxd3 e4 19. Rxc3 dxc3 20. Bxf6 exf3
21. Qf2 Kf7 22. Bxc3 Re6 23. Bd3 Rae8 24. Qxf3+ Ke7 25. Qxb7 Kf7 26. Qxc7+ R8e7
27. Qf4+ Rf6 28. Qd2 Rfe6 29. Bb4 Re1+ 30. Rxe1 1-0

[Event "AUTO-ADV-4894"]
[Site "http://www.queenalice.com/game.php?id=1863393"]
[Date "2025.9.25"]
[Round "1"]
[White "askasl159"]
[Black "Zeca1955"]
[Result "1-0"]
[WhiteElo "1741"]
[BlackElo "1905"]

1. e4 e5 2. f4 Bd6 3. Nf3 Qf6 4. fxe5 Bxe5 5. d4 Bf4 6. e5 Qh6 7. Bxf4 Qxf4 8.
Bc4 Nc6 9. O-O d6 10. Nc3 Bd7 11. exd6 Qxd6 12. Qe2+ Nge7 13. Rad1 O-O 14. Rd2
Bg4 15. h3 Rae8 16. hxg4 a6 17. Ne5 Nxe5 18. dxe5 Qc5+ 19. Kh1 Ng6 20. Rd5 Qe7
21. Re1 Nf4 22. Qd2 Qh4+ 23. Kg1 Qxg4 24. Rd4 g5 25. Ree4 Qf5 26. Rxf4 gxf4 27.
Rxf4 Qxe5 28. Rg4+ Kh8 29. Rg5 Qe7 30. Qd4+ f6 31. Nd5 Qd6 32. Rg6 Re6 33. Rh6
Rf7 34. Qd3 c6 35. Nf4 Qxf4 36. Bxe6 Rg7 37. Qd8+ Rg8 38. Qxg8# 1-0

[Event "AUTO-ADV-4896"]
[Site "http://www.queenalice.com/game.php?id=1863776"]
[Date "2025.10.4"]
[Round "1"]
[White "matamuff"]
[Black "Zeca1955"]
[Result "0-1"]
[WhiteElo "1885"]
[BlackElo "1883"]

1. Na3 e5 2. Nc4 d6 3. e4 Nf6 4. d3 c6 5. Nf3 Bg4 6. Bg5 Be7 7. Ne3 Bxf3 8. Qxf3
Nbd7 9. Nf5 Rg8 10. Nxe7 Qxe7 11. Be2 O-O-O 12. O-O-O h6 13. Bd2 Qe6 14. Kb1 Kb8
15. b3 d5 16. Bc3 d4 17. Bb2 c5 18. h3 g5 19. g4 Qb6 20. c4 a5 21. a4 Qxb3 22.
Rd2 Nb6 23. Bd1 Qb4 24. Qe2 Nxa4 25. Bxa4 Qxa4 26. Qd1 Qb4 27. Ka1 a4 28. Bc1 a3
29. Rc2 Rd6 30. Bd2 Qa4 31. Ra2 Qxd1+ 32. Rxd1 Ra6 33. Rb1 Nd7 34. Rb3 Nb6 35.
Rbxa3 Rxa3 36. Rxa3 Rg6 37. Kb1 Nd7 38. Kc1 Rf6 39. Be1 Rf3 40. h4 gxh4 41. Kc2
h3 42. Ra1 Nf6 43. Bd2 Nxg4 44. Rh1 Nxf2 45. Rh2 h5 46. Bg5 Nxd3 0-1

[Event "AUTO-ADV-4896"]
[Site "http://www.queenalice.com/game.php?id=1863777"]
[Date "2025.10.4"]
[Round "1"]
[White "Zeca1955"]
[Black "matamuff"]
[Result "1/2-1/2"]
[WhiteElo "1898"]
[BlackElo "1861"]

1. e4 d6 2. d4 g6 3. Nf3 Bg7 4. c3 Nd7 5. Bc4 a6 6. Ng5 Nh6 7. Qf3 O-O 8. h4 Nf6
9. Bf4 Bd7 10. e5 Ne8 11. Nd2 c6 12. e6 d5 13. Bb3 fxe6 14. O-O Nf5 15. h5 h6
16. Nh3 g5 17. Be5 Nxd4 18. cxd4 Rxf3 19. Nxf3 g4 20. Kh2 gxf3 21. Rg1 Bxe5+ 22.
dxe5 fxg2 23. Rxg2+ Kh8 24. Rg6 Ng7 25. Bc2 Qf8 26. f4 Nf5 27. Rag1 Kh7 28. Nf2
Nh4 29. Rf6+ Nf5 30. Rxf8 Rxf8 31. Kh3 Rg8 32. Rxg8 Kxg8 33. Ng4 Kh7 34. Ne3 Kg7
35. Ng2 Be8 36. Kg4 Bf7 37. Bd3 Nd4 38. Nh4 b5 39. b4 Be8 40. Nf3 Nxf3 41. Kxf3
Bxh5+ 42. Ke3 Bg4 43. Kd4 h5 44. Bf1 Kg6 45. Bg2 Kf5 46. Ke3 Bd1 47. Kd2 Bg4 48.
Ke3 Bd1 49. Kd2 Bg4 50. Ke3 1/2-1/2

[Event "AUTO-ADV-4896"]
[Site "http://www.queenalice.com/game.php?id=1863796"]
[Date "2025.10.4"]
[Round "1"]
[White "Zeca1955"]
[Black "maurice916"]
[Result "1-0"]
[WhiteElo "1865"]
[BlackElo "1906"]

1. d4 Nf6 2. Nf3 c6 3. h3 d5 4. e3 Bf5 5. Bd3 Bg6 6. c4 dxc4 7. Bxc4 e6 8. O-O
Nbd7 9. Qb3 Nb6 10. a4 Nxc4 11. Qxc4 Be7 12. Nc3 O-O 13. b4 h6 14. Bb2 Nd5 15.
a5 Rc8 16. Ne5 Bh7 17. Qe2 Nxb4 18. Rfd1 a6 19. e4 Nc2 20. Qxc2 Qc7 21. Qe2 Bf6
22. Ng4 Be7 23. Rdc1 Rcd8 24. e5 Rxd4 25. Nb5 axb5 26. Bxd4 c5 27. Qxb5 Rd8 28.
Bxc5 Bxc5 29. Rxc5 Qb8 30. a6 Be4 31. a7 Qa8 32. Ne3 Bc6 33. Qb2 Rd7 34. Nc4 Rd8
35. Nb6 1-0

[Event "AUTO-ADV-4896"]
[Site "http://www.queenalice.com/game.php?id=1863797"]
[Date "2025.10.4"]
[Round "1"]
[White "maurice916"]
[Black "Zeca1955"]
[Result "1-0"]
[WhiteElo "1890"]
[BlackElo "1881"]

1. Nf3 d5 2. b3 e6 3. Bb2 Nf6 4. e3 Be7 5. d4 c6 6. Nbd2 Bd6 7. Ne5 O-O 8. Bd3
h6 9. O-O Qc7 10. f4 c5 11. Rc1 Nc6 12. Ndf3 a6 13. h3 b5 14. c4 b4 15. Bb1 dxc4
16. Nxc4 cxd4 17. Nxd6 Qxd6 18. exd4 Qxf4 19. Rxc6 Bb7 20. Rc1 Ne4 21. Bxe4 Bxe4
22. Qe1 a5 23. Nh2 Qg5 24. Qxe4 Qd2 25. Rc2 Qg5 26. Bc1 Qh5 27. Nf3 Rfe8 28. Rc7
f5 29. Qb7 Qg6 30. Ne5 Qh7 31. Rf3 Reb8 32. Qc6 Re8 33. Rg3 Kf8 34. Qd7 1-0